Desarrollo sustentable (Registro nro. 7843)
[ vista simple ]
| 000 -LEADER | |
|---|---|
| fixed length control field | 00462nmm a22001577a 4500 |
| 005 - DATE AND TIME OF LATEST TRANSACTION | |
| control field | 20160314141604.0 |
| 008 - FIXED-LENGTH DATA ELEMENTS--GENERAL INFORMATION | |
| fixed length control field | 160314b xxu||||| |||| 00| | spa d |
| 020 ## - INTERNATIONAL STANDARD BOOK NUMBER | |
| ISBN | 9786074386608 |
| 041 ## - LANGUAGE CODE | |
| Language code of text/sound track or separate title | eng |
| 100 ## - AUTOR | |
| Autor | Estrella Suárez, María verónica |
| 100 ## - AUTOR | |
| Autor | González Vásquez, Arturo |
| 245 ## - TÍTULO | |
| Title | Desarrollo sustentable |
| 260 ## - PUBLICATION, DISTRIBUTION, ETC. (IMPRINT) | |
| Place of publication | México |
| Name of publisher | Patria |
| Year of publication | 2013 |
| 300 ## - PHYSICAL DESCRIPTION | |
| Number of Pages | 1 CD-ROM |
| 942 ## - ADDED ENTRY ELEMENTS (KOHA) | |
| Koha item type | Libro |
No hay ítems disponibles.